| 000 | 004370000a22001690004500 | ||
|---|---|---|---|
| 003 | MACL | ||
| 005 | 20150705141611.0 | ||
| 008 | 150705b xxu||||| |||| 00| 0 eng d | ||
| 040 |
_aMACL _cMACL |
||
| 041 | _aEnglish | ||
| 100 |
_aNarayanaswamy, B _9845 |
||
| 245 |
_aSelf Help Groups _bKey to empowerment of Rural Women |
||
| 260 |
_bThe Women Press _c2007 _aNew Delhi |
||
| 350 | _a395 | ||
| 650 |
_aSociology _919 |
||
| 942 |
_cBK _k307 _2ddc |
||
| 999 |
_c8907 _d8907 |
||